| 000 | 00810nam a2200193 a 4500 | ||
|---|---|---|---|
| 001 | 000035434 | ||
| 005 | 20200930074335.0 | ||
| 008 | 111031s1949 cu 000 0 spa d | ||
| 040 |
_aDO-SdBNP _bspa _cBNPHU |
||
| 082 |
_axxxx _bV131m |
||
| 100 | 1 |
_aVaillant Luna, Mario _961268 |
|
| 245 | 1 | 0 |
_aMaceo en Mayari : _b(aporte a la historia local de Mayari) / _cMario Vaillant Luna. |
| 260 |
_aMayari : _bImprenta Juan B. Granda Ferrer, _c1949. |
||
| 300 |
_a28 p. ; _c20 cm. |
||
| 500 | _aHistoriador del término municipal de Mayarí, por acuerdo de su Cámara Municipal de 14 de nov. de 1946, Director de la Biblioteca Pública y de la Escuela Nocturna "Antonio Maceo". | ||
| 504 | _aBibliografía : p. [29]. | ||
| 590 | _aPerteneció a la biblioteca personal de Juan Isidro Jimenes Grullón. | ||
| 049 | _aBNGR | ||
| 999 |
_c34925 _d34925 |
||